000
00270nam a2200121 a 4500
008
100917s1973|||| d
100
1
_a
Dušek, Dušan
245
1
0
_a
Strecha domu
020
_c
7
260
_b
Pravda
_a
Bratislava
_c
1973
044
_a
xo
_c
SK
041
_a
slo
999
_c
10452
_d
10452